| 000 | 00767nam a2200253Ia 4500 | ||
|---|---|---|---|
| 003 | OSt | ||
| 005 | 20220925223851.0 | ||
| 006 | a|||||r|||| 00| 0 | ||
| 007 | ta | ||
| 008 | 220923b |||||||| |||| 00| 0 eng d | ||
| 020 |
_a9780415687392 _c6946.8800000000001 |
||
| 037 |
_bCBS/72, 22/08/2013, CLASSIC BOOKS SERVICES _cGeneral Book |
||
| 040 |
_aRTL _cRTL _beng |
||
| 041 |
_2eng _aeng |
||
| 082 | _aX61, Q3 | ||
| 100 |
_aEKSTEDT Hasse _9290453 |
||
| 245 | 0 | _aMoney in economic theory. | |
| 260 |
_aLondon _bRoutledge _c2013 |
||
| 300 |
_axviii,289p. _ccm. |
||
| 500 | _aBibliography:189-222 | ||
| 650 | _aEconomics | ||
| 942 |
_hX61, Q3 _cGB _2CC |
||
| 999 |
_c580561 _d580561 |
||